000 00917aam a2200313 i 4500
001 768714001
003 CO-MdFUSB
005 20250514115746.0
007 ta
008 250514t1974 sp |||| |||| 00| 0 spa d
020 _a84-7228-147-7
040 _cCO-MdFUSB
041 0 _aspa
_heng
082 0 4 _223
_a248
_bR5442c
100 1 _aRidenour, Fritz
_eautor
240 _aHow to be a Christian in an unchristian world
245 1 0 _aCómo ser cristiano en un mundo no cristiano
_c/ Fritz Ridenour , traducido por Samuel Vila
264 1 _bClie,
_aTerrassa, Barcelona, España :
_c[1983]
264 4 _c©1983
300 _a102 páginas
336 _atexto
_btxt
_2rdacontent
337 _2rdamedia
_asin mediación
_bn
338 _2rdacarrier
_avolumen
_bnc
563 _aRústico
650 0 _aVida cristiana
_919
700 _aVila, Samuel,
_92027
_etraductor
942 _cBK
945 _aJTF-925
999 _c35843
_d35843